Joueurs Stade Rochelais 2024-2025 - Statistiques

Statistiques générales
  • Ce quiz a été pris 89 fois
  • Le résultat moyen est 16 sur 25
Answers on the Grid
Answers color-coded by a green-red scale on the quiz's grid according to % correct below.
Alexsandre Kuntelia
Antoine Hastoy
Arthur Retiere
Brice Dulin
Cameron Woki
Davit Ninashvili
Dillyn Leyds
Facundo Bosch
Gael Fickou
Geoffrey Doumayrou
Georges-Henri Colombe
Gregory Aldriitt
Guram Papidze
Hoani Bosmorin
Hugo Reus
Jonathan Danty
Judicaël Cancoriet
Jules Le Bail
Kane Douglas
Levani Botia
Matthias Haddad
Nolan Le Garrec
Paul Boudehent
Pierre Boudehent
Pierre Bourgarit
Quentin Lespiaucq
Quentin Lespiaucq
Raymond Rhule
Remi Bourdeau
Romain Sazy
Tawera Kerr-Barlow
Teddy Iribaren
Teddy Thomas
Thomas Berjon
Thomas Lavault
Ultan Dillane
Ulupano Seuteni
Victor Vito
Yoan Tanga
Yoram Moefana
 
Statistiques - réponses
Réponse % Correct
Antoine Hastoy
93%
Brice Dulin
93%
Gregory Aldriitt
87%
Dillyn Leyds
81%
Jonathan Danty
81%
Levani Botia
81%
Georges-Henri Colombe
80%
Alexsandre Kuntelia
76%
Hugo Reus
69%
Judicaël Cancoriet
69%
Hoani Bosmorin
67%
Kane Douglas
65%
Paul Boudehent
65%
Matthias Haddad
63%
Pierre Bourgarit
61%
Teddy Thomas
57%
Tawera Kerr-Barlow
56%
Thomas Lavault
56%
Thomas Berjon
54%
Quentin Lespiaucq
52%
Quentin Lespiaucq
50%
Ulupano Seuteni
50%
Ultan Dillane
48%
Raymond Rhule
44%
Teddy Iribaren
44%
Aucun quiz correspondant
Distribution des résultats
% des personnes avec chaque résultat
Percentile par nombre de réponses
Votre historique - résultats
Vous n’avez pas pris ce quiz